Statistics for Countries with the Most Sikhs

Click here to take the quiz!

General Stats

  • This quiz has been taken 30 times
  • The average score is 17 of 20

Answer Stats

HintCountry% Correct
0.1%Australia
100%
72KAustralia
100%
22.9MIndia
100%
1.9%India
100%
853KUnited Kingdom
100%
1.2%United Kingdom
100%
0.9%Canada
97%
620KCanada
97%
500KUnited States
97%
0.2%United States
97%
100KBangladesh
80%
0.2%New Zealand
80%
120KMalaysia
77%
0.5%Malaysia
77%
70KThailand
73%
0.3%Singapore
70%
0.3%Fiji
57%
70KItaly
53%
0.1%Italy
53%
70KMyanmar
50%

Score Distribution

Percentile by Number Answered

Percent of People with Each Score

Your Score History

You have not taken this quiz